| 000 | 00414cam a2200169ua 4500 | ||
|---|---|---|---|
| 020 | _cRs. 5.00 | ||
| 041 |
_amal _h |
||
| 082 |
_a894.8121 _bKES/MI |
||
| 100 | _aGopalapillai, K N . | ||
| 245 | _aMinor poems of K. C Kesavapillai | ||
| 260 |
_aKollam : _bSri Ramavilasam Press & Book Depot , _c1966. |
||
| 300 | _a396 ; . | ||
| 365 | _aRs. 5.00 | ||
| 504 | _a | ||
| 942 | _cBK | ||
| 999 |
_c4499 _d4499 |
||